<?xml version="1.0" encoding="UTF-8"?><?xml-stylesheet type="text/xsl" href="static/style.xsl"?><OAI-PMH xmlns="http://www.openarchives.org/OAI/2.0/" xmlns:xsi="http://www.w3.org/2001/XMLSchema-instance" xsi:schemaLocation="http://www.openarchives.org/OAI/2.0/ http://www.openarchives.org/OAI/2.0/OAI-PMH.xsd"><responseDate>2026-06-29T01:27:33Z</responseDate><request verb="GetRecord" identifier="oai:docta.ucm.es:20.500.14352/102261" metadataPrefix="marc">https://docta.ucm.es/rest/oai/request</request><GetRecord><record><header><identifier>oai:docta.ucm.es:20.500.14352/102261</identifier><datestamp>2026-01-12T09:01:59Z</datestamp><setSpec>com_20.500.14352_14</setSpec><setSpec>col_20.500.14352_17</setSpec></header><metadata><record xmlns="http://www.loc.gov/MARC21/slim" xmlns:dcterms="http://purl.org/dc/terms/" xmlns:xsi="http://www.w3.org/2001/XMLSchema-instance" xmlns:doc="http://www.lyncode.com/xoai" xsi:schemaLocation="http://www.loc.gov/MARC21/slim http://www.loc.gov/standards/marcxml/schema/MARC21slim.xsd">
   <leader>00925njm 22002777a 4500</leader>
   <datafield ind2=" " ind1=" " tag="042">
      <subfield code="a">dc</subfield>
   </datafield>
   <datafield ind2=" " ind1=" " tag="720">
      <subfield code="a">Díaz Rodríguez, Antonia</subfield>
      <subfield code="e">author</subfield>
   </datafield>
   <datafield ind2=" " ind1=" " tag="720">
      <subfield code="a">Dolado, Juan J.</subfield>
      <subfield code="e">author</subfield>
   </datafield>
   <datafield ind2=" " ind1=" " tag="720">
      <subfield code="a">Jáñez, Álvaro</subfield>
      <subfield code="e">author</subfield>
   </datafield>
   <datafield ind2=" " ind1=" " tag="720">
      <subfield code="a">Wellschmied, Félix</subfield>
      <subfield code="e">author</subfield>
   </datafield>
   <datafield ind2=" " ind1=" " tag="260">
      <subfield code="c">2024</subfield>
   </datafield>
   <datafield ind2=" " ind1=" " tag="520">
      <subfield code="a">We examine the impact of furlough schemes in scenarios where aggregate risk has a sector-specific component and workers have sector-specific human capital. In particular, we investigate the distinct responses of the Spanish labor market to the Great Recession and the Great Contagion as both downturns have been triggered by such shocks. However, the COVID-19 episode involves much less job destruction than the previous recession, possibly due to firms’ widespread adoption of furlough schemes (ERTEs) which had been seldom activated earlier. There is consensus that these policies help stabilize the unemployment rate by keeping matches alive in those sectors hardest hit by a crisis. However, under their current design, we argue both empirically and theoretically that ERTEs: (i) crowd out labor hoarding by employers in the absence of those schemes, (ii) increase the volatility of effective working rates and output, and (iii) hinder worker reallocation, especially in short recessions.</subfield>
   </datafield>
   <datafield ind1="8" ind2=" " tag="024">
      <subfield code="a">2341-2356</subfield>
   </datafield>
   <datafield ind1="8" ind2=" " tag="024">
      <subfield code="a">https://hdl.handle.net/20.500.14352/102261</subfield>
   </datafield>
   <datafield ind2="0" ind1="0" tag="245">
      <subfield code="a">Labor reallocation effects of furlought schemes: evidence from two recessions in Spain</subfield>
   </datafield>
</record></metadata></record></GetRecord></OAI-PMH>